00418nam a22000857a 4500008004100000245018900041260005800230300003300288650001100321200403b ||||| |||| 00| 0 eng d aTanzania Main Statistical Tables:bSelected from National, Regional and District Profiles 2002 Population and Housing Census/cMinistry of Planning, Economy and Empowerment.-hEnglish. aDar Es Salaam:bNational Bureau of Statistics,c2006. axiii, 503p;bTables,c30cm.- 2CENSUS